|
|
|
|
| LEADER |
00670cam a2200169 7i4500 |
| 001 |
0000002605 |
| 005 |
19991025090000.0 |
| 002 |
##000003837 |
| 020 |
0 |
0 |
|a T000003808
|
| 090 |
0 |
0 |
|a 645.1
|b CAR
|
| 245 |
0 |
0 |
|a Carpets and textile floor coverings :
|b a survey of the Netherlands and other major markets in the European Community.
|
| 260 |
0 |
0 |
|a Rotterdam:
|b CBI,
|c 1993.
|
| 300 |
0 |
0 |
|a 51p.
|
| 500 |
0 |
0 |
|a This report profiles the Dutch market for carpets and textile floorcoverings. A description of the consumer spending behavior and the distribution system is also provided
|
| 650 |
0 |
0 |
|a Carpets
|
| 651 |
0 |
0 |
|a Netherlands
|
| 999 |
|
|
|a 000004129
|b Book
|c Open shelf
|e Business Information Centre
|